000 00517nam a2200157 a 4500
001 000036388
005 20200930075714.0
008 120116s1969 mx a 000 0 spa d
040 _aDO-SdBNP
_bspa
_cBNPHU
082 _axxx
_bW686g
100 1 _aWilkinson, Jule
_962585
240 1 0 _aStorage Specifies
_lEspañol
245 1 0 _aGastronomía profesional :
_balmacenamiento y bodega /
_cJule Wilkinson.
260 _aMéxico
_aBuenos Aires :
_bCentro Reginal de Ayuda Técnica,
_c1969.
300 _a111 p. ; :
_bil. ;
_c29 cm.
999 _c35879
_d35879